| 000 | 00903nam a22002297a 4500 | ||
|---|---|---|---|
| 999 |
_c1802 _d1802 |
||
| 005 | 20251125232740.0 | ||
| 008 | s2533 th tha d | ||
| 020 | _a9744171278 | ||
| 040 | _aNALT | ||
| 041 | _atha | ||
| 050 | _aDS567.C3U3 ศ528ศ | ||
| 100 | 0 | _aพเยาว์ เข็มนาค | |
| 245 | 1 | 0 | _aศิลปะถ้ำกลุ่มบ้านผือ จังหวัดอุดรธานี |
| 260 | 3 |
_a[กรุงเทพฯ] : _bฝ่ายวิชาการ, _c2533 |
|
| 300 |
_a90 หน้า : _b ภาพประกอบ, แผนที่, แผนผัง, ตาราง |
||
| 650 | 0 | 4 | _aภาพเขียนบนผนังถ้ำ |
| 650 | 0 | 4 | _aโบราณคดี |
| 700 | 0 | _aพเยาว์ เข็มนาค | |
| 850 | _aNALT | ||
| 856 | 4 | 0 |
_uhttps://hdl.handle.net/20.500.14156/361766 _71 |
| 942 |
_cGB _2lcc |
||